Decline and Fall of the Roman Empire (Record no. 2330)

MARC details
000 -LEADER
fixed length control field 00434nam a2200145Ia 4500
008 - FIXED-LENGTH DATA ELEMENTS--GENERAL INFORMATION
fixed length control field 211109s9999||||xx |||||||||||||| ||und||
082 ## - DEWEY DECIMAL CLASSIFICATION NUMBER
Classification number 937.06
Item number GIB-D
100 ## - MAIN ENTRY--PERSONAL NAME
Personal name Gibbon, Edward
245 #0 - TITLE STATEMENT
Title Decline and Fall of the Roman Empire
260 ## - PUBLICATION, DISTRIBUTION, ETC.
Name of publisher, distributor, etc. Temple Press
Place of publication, distribution, etc. London
Date of publication, distribution, etc. 1900
300 ## - PHYSICAL DESCRIPTION
Extent 245p.
630 ## - SUBJECT ADDED ENTRY--UNIFORM TITLE
General subdivision General Stack
650 ## - SUBJECT ADDED ENTRY--TOPICAL TERM
Topical term or geographic name entry element History of ancient world to ca. 499
942 ## - ADDED ENTRY ELEMENTS (KOHA)
Koha item type BOOK
650 ## - SUBJECT ADDED ENTRY--TOPICAL TERM
Form subdivision Italy & adjacent territories to 476
General subdivision History
Holdings
Withdrawn status Lost status Damaged status Not for loan Home library Current library Date acquired Cost, normal purchase price Total Checkouts Full call number Barcode Shelving location Date last seen Price effective from Koha item type
        SB LIBRARY SB LIBRARY 09/11/2021 100.00   937.06 GIB-D 00002552 GENERAL STACK 09/11/2021 09/11/2021 BOOK

Powered by Koha